Т. 133; Известия Томского политехнического института [Известия ТПИ]

Λεπτομέρειες βιβλιογραφικής εγγραφής
Parent link:Известия Томского политехнического института [Известия ТПИ]/ Томский политехнический институт (ТПИ). Т. 133.— , 1944-1976
Γλώσσα:Ρωσικά
Έκδοση: Изд-во Томского ун-та, 1965
Θέματα:
Μορφή: Βιβλίο
KOHA link:https://koha.lib.tpu.ru/cgi-bin/koha/opac-detail.pl?biblionumber=204663

MARC

LEADER 00000nam2a2200000 4500
001 204663
005 20231031190115.0
035 |a (RuTPU)RU\TPU\book\223101 
035 |a RU\TPU\book\223064 
090 |a 204663 
100 |a 20111130d1965 k y0rusy50 ca 
101 0 |a rus 
102 |a RU 
105 |a a z 000zy 
200 0 |a Т. 133 
210 |c Изд-во Томского ун-та  |d 1965 
215 |a 170 с.  |c рис., граф., табл., схемы 
461 1 |0 (RuTPU)RU\TPU\book\200995  |t Известия Томского политехнического института [Известия ТПИ]  |f Томский политехнический институт (ТПИ)  |v Т. 133  |d 1944-1976 
601 0 2 |a Томский политехнический институт (ТПИ)  |c (1944-1991)  |2 stltpush  |3 (RuTPU)RU\TPU\col\1123 
610 1 |a научные исследования 
610 1 |a бурильные молотки 
610 1 |a отбойные молотки 
610 1 |a передача энергии 
610 1 |a пружина Бурдона 
610 1 |a рациональная длина 
610 1 |a закон объемной деформации 
610 1 |a тела 
610 1 |a конструкции 
610 1 |a поведение 
610 1 |a идеальная текучесть 
610 1 |a сложное нагружение 
610 1 |a сжатие 
610 1 |a цилиндры 
610 1 |a серый чугун 
610 1 |a прочность 
610 1 |a срез 
610 1 |a напряженно-деформированное состояние 
610 1 |a твердые тела 
610 1 |a поверхности 
610 1 |a деформация 
610 1 |a сдвиг 
610 1 |a электроприводы 
610 1 |a разгон 
610 1 |a зернистые материалы 
610 1 |a горные электросверла 
610 1 |a редукторы 
610 1 |a зубчатые колеса 
610 1 |a износ 
610 1 |a контактная прочность 
610 1 |a резцы 
610 1 |a режущая часть 
610 1 |a расчеты на прочность 
610 1 |a контактные явления 
610 1 |a стружкообразование 
610 1 |a бериллиевая бронза 
610 1 |a цветные металлы 
610 1 |a фрезерование 
610 1 |a сверление 
610 1 |a труды учёных ТПУ 
675 |a 62  |v 3 
801 1 |a RU  |b 63413507  |c 20090209  |g PSBO 
801 2 |a RU  |b 63413507  |c 20130326  |g PSBO 
942 |c BK